| 000 | 00447nab a2200145Ia 4500 | ||
|---|---|---|---|
| 003 | ES-SlBCS | ||
| 005 | 20210601125858.0 | ||
| 008 | 140529s2000 xxu||||| |||| 00| 0 fre d | ||
| 041 | _afre | ||
| 100 | 1 |
_aBillouet, Pierre _9165470 |
|
| 245 | 0 | 0 |
_aThéologie kantienne et théologie critiqqe _c Pierre Billouet |
| 650 | 0 | 4 |
_aTeología Kantiana _9141509 |
| 773 | 0 |
_tArchives de Philosophie _gvol. 63, nº. 1, 2000, págs. 31-62 _wRev1418 |
|
| 942 | _cAR | ||
| 999 |
_c537351 _d537351 |
||